00635nam a2200241 a 4500001001300000003000900013005001700022008004100039020001000080082001300090100001400103245001600117260004800133300000800181500003500189505001400224650001800238700001400256902000800270942000700278952009300285999001500378nice12345678IN_TiNIC20260116011425.0050524s1930 laha grp 000 0 urd  ac10000a244bTRO aTrotter,  aBaad-Bagola aLahorebPunjab Religious Booksociety c1930 a16p aincludes index and biblioraphy2 areference aBible Stories1 aTrotter,  bRBA cBK 00104070aHMIbHMId2007-07-05g100.00l0o244 TROp4821r2007-07-05w2026-01-16yARB c1408d1408